Dalí / (Record no. 73694)

MARC details
000 -LEADER
campo de control de longitud fija 00614nam a2200205 i 4500
001 - NÚMERO DE CONTROL
campo de control 73694
003 - IDENTIFICADOR DE NÚMERO DE CONTROL
campo de control ES-MaACL
005 - FECHA Y HORA DE LA ÚLTIMA TRANSACCIÓN
campo de control 20240320062528.0
007 - CAMPO FIJO DE DESCRIPCIÓN FÍSICA--INFORMACIÓN GENERAL
campo de control de longitud fija t|
008 - DATOS DE LONGITUD FIJA--INFORMACIÓN GENERAL
campo de control de longitud fija 040910s1985 sp ||||1| spa d
020 ## - NÚMERO INTERNACIONAL ESTÁNDAR DEL LIBRO
Número Internacional Estándar del Libro 84-239-4274-0
100 1# - ENTRADA PRINCIPAL--NOMBRE DE PERSONA
Nombre de persona Gómez de la Serna, Ramón,
Fechas asociadas al nombre 1888-1963
9 (RLIN) 57901
245 10 - MENCIÓN DEL TÍTULO
Título Dalí /
Mención de responsabilidad, etc. por Ramón Gómez de la Serna ; epílogo de Baltasar Porcel.
250 ## - MENCION DE EDICION
Mención de edición 2ª ed.
260 ## - PUBLICACIÓN, DISTRIBUCIÓN, ETC.
Lugar de publicación, distribución, etc. Madrid :
Nombre del editor, distribuidor, etc. Espasa-Calpe,
Fecha de publicación, distribución, etc. 1985.
300 ## - DESCRIPCIÓN FÍSICA
Extensión 253 p. :
Otras características físicas principalmemte il. ;
Dimensiones 32 cm.
700 1# - ENTRADA AGREGADA--NOMBRE PERSONAL
Nombre de persona Porcel, Baltasar.
9 (RLIN) 93114
852 ## - LOCALIZACIÓN
Ubicación ES-MaACL
Número de control de estantería L-11200
Sublocalización o colección R.113135
Holdings
Estatus retirado Estado de pérdida Estado de daño No para préstamo Biblioteca de origen Biblioteca actual Ubicación en estantería Fecha de adquisición Fuente de adquisición Total de préstamos Signatura topográfica completa Código de barras Visto por última vez Precio de reemplazo Tipo de ítem Koha
        Biblioteca del Ateneo de Madrid Biblioteca del Ateneo de Madrid Depósito 2 17/01/2008     L-11200 1077136 23/02/2023 23/02/2023 Libro impreso